| 000 | 00452nam a2200181Ia 4500 | ||
|---|---|---|---|
| 001 | 23401 | ||
| 005 | 20260414150935.0 | ||
| 008 | 260414t1998||||xx |||||||||||||| ||spa|| | ||
| 041 | _aESP | ||
| 082 |
_a636.30846 _bR93 |
||
| 100 |
_aRuiz Martín, Felipe _eAUT |
||
| 245 | 0 |
_aMesta, trashumancia y lana en la España moderna _b |
|
| 260 | _c1998 | ||
| 300 |
_a415 páginas : _c20 cm. |
||
| 650 | _aCNM | ||
| 654 | _aCCN | ||
| 942 |
_cLIB _dJUS _fJUS _2ddc _n |
||
| 999 |
_c23401 _d23401 |
||